[Event "Banff op"]
[Site "Banff"]
[Date "2021.11.13"]
[Round "3"]
[White "Koperski, Dustin"]
[Black "Yao, David"]
[Result "1-0"]
[WhiteElo "1799"]
[BlackElo "1819"]
[PlyCount "77"]
[EventDate "2021.11.12"]
[EventType "swiss"]
[EventRounds "6"]
[EventCountry "CAN"]
[SourceTitle "CBM 205 Extra"]
[Source "ChessBase"]
[SourceDate "2022.01.31"]
[SourceVersion "1"]
[SourceVersionDate "2022.01.31"]
[SourceQuality "1"]

1. e4 c6 2. Nc3 d5 3. Nf3 Bg4 4. h3 Bxf3 5. Qxf3 d4 6. Ne2 e5 7. Ng3 Nf6 8. Bc4 g6 9. d3 Bb4+ 10. Kf1 Nbd7 11. Bg5 Be7 12. h4 Qb6 13. Bb3 0-0-0 14. a4 Kb8 15. a5 Qb5 16. Ke2 h6 17. Bxf6 Nxf6 18. Rhb1 Rhf8 19. Bc4 Qb4 20. Kf1 Nd7 21. h5 Bh4 22. c3 Qd6 23. Ne2 f5 24. g3 fxe4 25. Qxe4 Qf6 26. Qg2 Bg5 27. Kg1 e4 28. Nxd4 Ne5 29. hxg6 Nf3+ 30. Nxf3 exf3 31. Qh3 Qxg6 32. Re1 Rfe8 33. Qg4 Qf6 34. Qh5 Re5 35. Rxe5 Qxe5 36. Qxf3 Rd7 37. d4 Qd6 38. Re1 Kc7 39. Re6 1-0

[Event "Alberta op"]
[Site "Edmonton"]
[Date "2017.10.08"]
[Round "3"]
[White "Schocat, Eric"]
[Black "Yao, David"]
[Result "0-1"]
[WhiteElo "1696"]
[BlackElo "1631"]
[PlyCount "64"]
[EventDate "2017.10.07"]
[EventType "swiss"]
[EventRounds "6"]
[EventCountry "CAN"]
[SourceTitle "EXT 2019"]
[Source "ChessBase"]
[SourceDate "2018.10.10"]
[SourceVersion "1"]
[SourceVersionDate "2018.10.10"]
[SourceQuality "1"]

1. d4 Nf6 2. Nf3 d6 3. Nc3 Nbd7 4. e4 e5 5. dxe5 dxe5 6. Bd3 g6 7. Bg5 c6 8. Qd2 Bg7 9. Bh6 0-0 10. Bxg7 Kxg7 11. 0-0-0 Qc7 12. h4 h5 13. Ng5 Nc5 14. f3 b5 15. g4 hxg4 16. h5 Nxh5 17. fxg4 Nxd3+ 18. cxd3 Bxg4 19. Rdg1 Qd7 20. Qg2 Nf6 21. Rf1 Rh8 22. Qf2 Qe7 23. Rhg1 Bh3 24. Nxh3 Rxh3 25. Kc2 Rd8 26. Rh1 Rdxd3 27. Rfg1 b4 28. Nd1 Nxe4 29. Qf5 Qc5+ 30. Nc3 Rd2+ 31. Kb1 Rxb2+ 32. Ka1 Rxa2+ 0-1

[Event "Alberta-ch U20"]
[Site "Edmonton"]
[Date "2016.11.19"]
[Round "1"]
[White "Wu, Chenxi"]
[Black "Yao, David"]
[Result "1-0"]
[WhiteElo "1758"]
[BlackElo "1633"]
[PlyCount "33"]
[EventDate "2016.11.19"]
[EventType "tourn"]
[EventRounds "5"]
[EventCountry "CAN"]
[SourceTitle "EXT 2019"]
[Source "ChessBase"]
[SourceDate "2018.10.10"]
[SourceVersion "1"]
[SourceVersionDate "2018.10.10"]
[SourceQuality "1"]

1. e4 e6 2. d4 d5 3. e5 c5 4. c3 Nc6 5. Nf3 Qb6 6. Bd3 Bd7 7. 0-0 f6 8. Re1 cxd4 9. cxd4 Qc7 10. Nc3 fxe5 11. dxe5 a6 12. Ng5 Nh6 13. Qh5+ g6 14. Bxg6+ hxg6 15. Qxg6+ Kd8 16. Qf6+ Ne7 17. Qxh8 1-0

[Event "Alberta-ch U14"]
[Site "Edmonton"]
[Date "2015.02.21"]
[Round "3.3"]
[White "Shrestha, Prayus"]
[Black "Yao, David"]
[Result "0-1"]
[WhiteElo "1449"]
[BlackElo "1559"]
[PlyCount "66"]
[EventDate "2015.02.21"]
[EventType "swiss"]
[EventRounds "5"]
[EventCountry "CAN"]
[SourceTitle "EXT 2022"]
[Source "ChessBase"]
[SourceDate "2021.10.06"]
[SourceVersion "1"]
[SourceVersionDate "2021.10.06"]
[SourceQuality "1"]

1. Nf3 Nf6 2. d4 d5 3. e3 g6 4. c4 Bg7 5. cxd5 Nxd5 6. e4 Nf6 7. Nc3 0-0 8. Be2 c6 9. 0-0 Nbd7 10. h3 Nb6 11. Bf4 Be6 12. Qc2 Bc4 13. Rad1 Bxe2 14. Qxe2 e6 15. Bg5 Qc7 16. Qd2 Nh5 17. g4 Nf6 18. e5 Nfd5 19. Rfe1 Nxc3 20. bxc3 Qd7 21. Bf6 Qd5 22. Qf4 h6 23. h4 Qxa2 24. Bxg7 Kxg7 25. h5 Nd5 26. Qc1 Qc4 27. g5 hxg5 28. Qxg5 Qxc3 29. Nh4 Rh8 30. hxg6 Rag8 31. f4 Qh3 32. Ng2 Rh5 33. Rd3 Qh2+ 0-1

[Event "Alberta-ch U14"]
[Site "Edmonton"]
[Date "2015.02.21"]
[Round "2.3"]
[White "Wu, Chenxi"]
[Black "Yao, David"]
[Result "1/2-1/2"]
[WhiteElo "1663"]
[BlackElo "1559"]
[PlyCount "40"]
[EventDate "2015.02.21"]
[EventType "swiss"]
[EventRounds "5"]
[EventCountry "CAN"]
[SourceTitle "EXT 2022"]
[Source "ChessBase"]
[SourceDate "2021.10.06"]
[SourceVersion "1"]
[SourceVersionDate "2021.10.06"]
[SourceQuality "1"]

1. e4 c5 2. Nf3 d6 3. d4 cxd4 4. Nxd4 Nf6 5. Nc3 g6 6. Be3 Bg7 7. Be2 0-0 8. f3 Nc6 9. Qd2 d5 10. exd5 Nxd5 11. Nxd5 Qxd5 12. Nxc6 Qxc6 13. c3 Bf5 14. 0-0 Rfd8 15. Qe1 Qe6 16. Qf2 Bd3 17. Bxd3 Rxd3 18. Rfe1 Qd7 19. Qe2 Rd8 20. Kh1 b5 1/2-1/2

[Event "Alberta-ch U20"]
[Site "Calgary"]
[Date "2013.11.09"]
[Round "3"]
[White "Wang, Richard"]
[Black "Yao, David"]
[Result "1-0"]
[WhiteElo "2476"]
[BlackElo "1607"]
[PlyCount "65"]
[EventDate "2013.11.09"]
[EventType "tourn"]
[EventRounds "5"]
[EventCountry "CAN"]
[SourceTitle "EXT 2022"]
[Source "ChessBase"]
[SourceDate "2021.10.06"]
[SourceVersion "1"]
[SourceVersionDate "2021.10.06"]
[SourceQuality "1"]

1. Nf3 Nf6 2. d4 g6 3. c4 Bg7 4. g3 0-0 5. Bg2 d6 6. 0-0 c6 7. Nc3 Nbd7 8. b3 Re8 9. Qc2 Qc7 10. Rd1 e5 11. Ba3 e4 12. Ne1 d5 13. cxd5 cxd5 14. Nb5 Qxc2 15. Nxc2 Rd8 16. Nc7 Rb8 17. Be7 Re8 18. Nxe8 Nxe8 19. Ne3 Ndf6 20. f3 Bh6 21. Kf2 Bd7 22. h3 Rc8 23. Rac1 Rb8 24. fxe4 dxe4 25. d5 b5 26. Rd4 a5 27. d6 a4 28. Bxe4 Bg7 29. Bc6 Rc8 30. Bxd7 Rxc1 31. Bxe8 Nxe8 32. d7 Bxd4 33. dxe8Q+ 1-0

[Event "Alberta-ch Reserves"]
[Site "Edmonton"]
[Date "2012.04.08"]
[Round "4"]
[White "Smith, Kevin"]
[Black "Yao, David"]
[Result "1-0"]
[WhiteElo "1822"]
[BlackElo "1285"]
[PlyCount "75"]
[EventDate "2012.04.07"]
[EventType "swiss"]
[EventRounds "5"]
[EventCountry "CAN"]
[SourceTitle "EXT 2022"]
[Source "ChessBase"]
[SourceDate "2021.10.06"]
[SourceVersion "1"]
[SourceVersionDate "2021.10.06"]
[SourceQuality "1"]

1. e4 e5 2. Nf3 Nc6 3. Bb5 Bc5 4. Nc3 d6 5. d4 exd4 6. Nxd4 Bd7 7. Nxc6 bxc6 8. Ba4 h6 9. Qf3 Ne7 10. Bb3 0-0 11. Qg3 Ng6 12. Qxg6 Qh4 13. Qg3 Qf6 14. 0-0 Be6 15. Kh1 a5 16. Bd2 Bxb3 17. axb3 Qe6 18. f4 f5 19. Rfe1 Qd7 20. exf5 Qxf5 21. Re7 Rf7 22. Rxf7 Kxf7 23. Qd3 Qf6 24. Re1 Kg8 25. Ne4 Qf5 26. Nxc5 Qxc5 27. Qc4+ Qxc4 28. bxc4 a4 29. Bb4 Kf7 30. Kg1 c5 31. Ba3 Kf6 32. Kf2 g6 33. Kf3 c6 34. Rd1 Ke6 35. g4 Rf8 36. Ke4 g5 37. f5+ Kf6 38. Rxd6+ 1-0